Je obchod s Čínou rovný?

Uložené v:
Podrobná bibliografia
Hlavný autor: Profant, Tomáš Imrich, 1983-
Médium: Kapitola
Jazyk:Slovak
Predmet:
Tagy: Pridať tag
Žiadne tagy, Buďte prvý, kto otaguje tento záznam!

MARC

LEADER 00000naa a2200000 4500
001 0306999
005 20250828101732.3
041 0 |a slo 
044 |a SK 
245 1 0 |a Je obchod s Čínou rovný?  |c Tomáš Imrich Profant 
610 2 0 |a obchod medzinárodný 
610 2 0 |a ekonómia politická 
610 2 0 |a dovoz 
610 2 0 |a vývoz 
610 2 0 |a Čína 
100 1 |a Profant, Tomáš Imrich, 1983-